000
00337nam a2200133Ia 4500
008
240624s9999 xx 000 0 und d
041
_a
eng
082
_a
658.15 MIS
100
_a
MISLICK GREGORY K
245
_a
COST ESTIMATION METHODS AND TOOLS
260
_c
2015
_a
New Jersey
_b
Wiley
300
_a
xxv, 311 p.; 23 cm.
365
_c
_b
28
999
_c
30281
_d
30281